000 00317 a2200157 4500
001 162690
020 _a
040 _cMagnum
100 _aBrener, Jayme
240 1 0 _aJornal do seculo xx
_lpor
245 1 0 _aJornal do seculo xx
362 0 _a1899
440 1 _aModerna
697 _aPARADIDATICO
942 _cBK
999 _c162690
_d162690